Позитивные личности в истории - Армагеддон - Statistics

General Stats
  • This quiz has been taken 7 times
  • The average score is 8 of 15
Answers on the Grid
Answers color-coded by a green-red scale on the quiz's grid according to % correct below.
Исаак Ньютон
Леонардо да Винчи
Елизавета Батори
Аристотель
Махатма Ганди
Адольф Гитлер
Ли Харви Освальд
Иван Сеченов
Лех Валенса
Николай Ежов
Джеймс Максвелл
Ильич Рамирес Санчез
Калигула
Йозеф Менгеле
Тим Бернерс-Ли
Влад Цепеш
Андрей Чикатило
Лайнус Полинг
Аль Капоне
Йозеф Геббельс
Василий Блохин
Микеланджело
Виктор Мохов
Иоганн Вольфганг фон Гёте
Герострат
Никола Тесла
Бенито Муссолини
Ли Куан Ю
Альберт Эйнштейн
Сергей Мавроди
 
Answer Stats
Answer % Correct
Исаак Ньютон
100%
Леонардо да Винчи
100%
Аристотель
83%
Махатма Ганди
67%
Иван Сеченов
67%
Лех Валенса
67%
Иоганн Вольфганг фон Гёте
67%
Никола Тесла
67%
Джеймс Максвелл
50%
Микеланджело
50%
Альберт Эйнштейн
50%
Лайнус Полинг
33%
Тим Бернерс-Ли
17%
Ли Куан Ю
17%
Елизавета Батори
0%
No matching quizzes found
Score Distribution
Percent of People with Each Score
Percentile by Number Answered
Your Score History
You have not taken this quiz